Không phải trò đùa

Gespeichert in:
Bibliographische Detailangaben
1. Verfasser: Khuất Quang Thụy
Format: Buch
Sprache:Undetermined
Veröffentlicht: Hà Nội Hội Nhà Văn 1999
Schlagworte:
Tags: Tag hinzufügen
Keine Tags, Fügen Sie den ersten Tag hinzu!
Thư viện lưu trữ: Trung tâm Học liệu Trường Đại học Cần Thơ
LEADER 00526nam a2200169Ia 4500
001 CTU_34467
008 210402s9999 xx 000 0 und d
082 |a 895.9223 
082 |b Th523 
100 |a Khuất Quang Thụy 
245 0 |a Không phải trò đùa 
245 0 |c Khuất Quang Thụy 
260 |a Hà Nội 
260 |b Hội Nhà Văn 
260 |c 1999 
650 |a vietnamese fiction - 20th century,vietnamese literature - 20th century 
980 |a Trung tâm Học liệu Trường Đại học Cần Thơ